Laufey song by the last line - Statistics

General Stats
  • This quiz has been taken 26 times
  • The average score is 20 of 70
Answer Stats
Hint Answer % Correct
What a curse it is to be a [Title] Lover Girl
89%
'Cause it's too little, all too late Too Little, Too Late
79%
His voice just became too sickening James
63%
No boy's gonna kill the [Title] in me Dreamer
58%
It's worse to be nothing with you Promise
58%
The silver linings I'll be there with you Silver Lining
58%
Everybody's falling in love but me Falling Behind
53%
What a poser, you think you're so interesting Mr. Eclectic
53%
You won't be missed, I'm glad to see you go Tough Luck
53%
It was a night, enchantin' night to remember A Night To Remember
47%
I'm breathing clean, [Title] Clean Air
47%
'til he haunts be again Haunted
47%
[Title], so hurry down the chimney tonight Santa Baby
47%
I'll never go back to our [Title] Castle In Hollywood
42%
Gleymdu mér aldrei, elskan mín Forget-Me-Not
42%
know that she's beautiful Letter To My 13 Year Old Self
42%
For cold, bloody, bitter [Title] Sabotage
42%
but baby, I'm [Title] Bored
37%
Hoping that you'll say "hello" to me Hi
37%
And then it happened to me It Could Happen To You
37%
Until I do, I'll be thinking of you [Title] Let You Break My Heart Again
37%
I wish I could be [Title], [Title] Magnolia
37%
In our tiny apartment [Title] Above the Chinese restaurant
32%
A love that came and left with this train, My [Title] Beautiful Stranger
32%
You [Title] me Bewitched
32%
To leave [Title] California and Me
32%
I'm so sorry that you fell onto this [Title] Carousel
32%
I've never been so [Title] Fragile
32%
I've been having [Title] without you Trouble
32%
But who knows [Title] Where Or when
32%
I'm no [Title] when I'm alone Goddess
26%
[Title], love, love I Wish You Love
26%
What have you done to me? Lovesick
26%
You're my [Title] in the world Best Friend
21%
I can't wait to fall in love with you Dear Soulmate
21%
I know i've loved you [Title] From The Start
21%
In love before I've Never Been In Love Before
21%
That's why I'll never fall in love Like The Movies
21%
You'll be here, so [Title] Lucky For Me
21%
Too [Title] and too much in love Misty
21%
This must be, this [Title] Must Be Love
21%
Keeping on the [Title] Night Light
21%
I'll never have enough of it Snow White
21%
This time, I swear I won't find [Title], [Title] Someone New
21%
I know I sound stupid, I do, that's [Title] [Title] [Title] What Love Will Do To You
21%
Continue to happen to me A Cautionary Tale
16%
A little early this year Christmas Dreaming
16%
I fell in love with you Clockwork
16%
I tend to fall in love too easily Just Like Chet
16%
Though we're only dreaming tonight Let's Dream In The Moonlight
16%
We said goodbye as [Title] Love Flew Away
16%
or will I always search? These are my [Title], These are my [Title] Questions for the universe
16%
I'm just your [Title], hmm [Title] Second Best
16%
But I don't think I'll ever be so sure The Longest Goodbye
16%
And to feel in the night [Title] The Nearness Of You
16%
To face unafraid the plans that we made [Title] [Title] [Title] Winter Wonderland
16%
Would've [Title] Dance With You Tonight
11%
That's [Title] Everything I Know About Love
11%
Oh, that's just [Title] How I Get
11%
I'm tellin' you why [Title] Santa Claus Is Comin' To Town
11%
[Title] being here with you Seems Like Old Times - Bonus Track
11%
Baby, [Title] [Title] [Title] Slow Down
11%
Wishes you and yours the same thing, too. Merry christmas The Christmas Waltz
11%
I had a [Title] Valentine
11%
[Title], I fell in love While You Were Sleeping
11%
That would be [Title] , I know But Beautiful
5%
[Title] is here at home Christmas Magic
5%
That we've been through No One Knows
5%
it's [Title] [Title] [Title] Serendipity
5%
I'll take [Title] The Risk
5%
No matching quizzes found
Score Distribution
Percent of People with Each Score
Percentile by Number Answered
Your Score History
You have not taken this quiz